Iron Maiden Songs: Sudden Death rules - Statistics

General Stats
  • This quiz has been taken 345 times
  • The average score is 12 of 15
Answers on the Grid
Answers color-coded by a green-red scale on the quiz's grid according to % correct below.
2 Minutes to Midnight
Ace of Spades
Aces High
Am I Evil?
Angel Witch
Bark at the Moon
Blitzkrieg
Breadfan
Can I Play with Madness?
Caught Somewhere in Time
The Clairvoyant
Dawn of Battle
Fear of the Dark
Flight of Icarus
Freewheel Burning
Hallowed be thy Name
In For the Kill
Iron Man
Living After Midnight
Master of Puppets
Number of the Beast
Peace Sells
Purgatory
Ride Like the Wind
Rime of the Ancient Mariner
Run to the Hills
Running Free
Sabra Cadabra
Sanctuary
The Trooper
 
Answer Stats
Answer % Correct
2 Minutes to Midnight
96%
Aces High
87%
Number of the Beast
87%
Hallowed be thy Name
86%
Run to the Hills
85%
Fear of the Dark
84%
The Trooper
84%
Caught Somewhere in Time
79%
Flight of Icarus
79%
Can I Play with Madness?
77%
Rime of the Ancient Mariner
76%
The Clairvoyant
70%
Running Free
65%
Sanctuary
58%
Purgatory
57%
No matching quizzes found
Score Distribution
Percent of People with Each Score
Percentile by Number Answered
Your Score History
You have not taken this quiz